| 000 | 00568nam a2200169Ia 4500 | ||
|---|---|---|---|
| 003 | GCL | ||
| 008 | 140319s9999 xx 000 0 ara d | ||
| 040 |
_aGCL / _cGCL |
||
| 082 | 0 | 4 |
_aم _b091 _bك ف |
| 100 | 1 | _aكنج, ا. ديفيد | |
| 245 | 1 | 0 |
_aفهرس المخطوطات العلمية المحفوظة بدار الكتب المصرية (1) / _cكنج, ا. ديفيد |
| 260 |
_a[S.N] : _bالهيئة المصرية العامة للكتاب ، _c1981 |
||
| 300 | _a781 ص | ||
| 650 | 0 | 4 | _aالمخطوطات |
| 650 | 0 | 4 | _aالفهارس |
| 942 |
_2ddc _cREF |
||
| 999 |
_c59314 _d59314 |
||